000 00424nam a22001697a 4500
003 NUST - PNEC
005 20170116181042.0
008 150922b xxu||||| |||| 00| 0 eng d
020 _a0540073385
040 _cLIBRARY
082 _a623.8722 ROY
100 _911623
_a Roy, G. J
245 _aSteam turbines and gearing
_cG. J. Roy
260 _cc 1975
650 _911624
_aSteam-turbines, Marine
_xME
942 _2ddc
_cBK
999 _c68142
_d68142